| 000 | 00471nam a22001577a 4500 | ||
|---|---|---|---|
| 005 | 20180718141542.0 | ||
| 010 | _aB-009612 | ||
| 037 | _bBPPD/PUB | ||
| 082 | _aS | ||
| 100 | _aBhattacharjee, Swati | ||
| 245 |
_aThe cutthroat man and other stories _cSwati Bhattacharjee |
||
| 260 |
_c1999 _aNew Delhi _bVikas Publication House Pvt.Ltd. |
||
| 270 |
_a576, Masjid road, Jangpura _bNew Delhi _e110014 |
||
| 300 |
_c22cm(Hp) _a100p. _bB&W photos |
||
| 942 |
_cEN _2ddc _mBHA _hS |
||
| 999 |
_c154277 _d154277 |
||